| 000 | 02529ccm a22005294i 4500 | ||
|---|---|---|---|
| 003 | PE-LiUPU | ||
| 005 | 20250731173515.0 | ||
| 008 | 150616s1994 ag a rb 000 0 spa d | ||
| 020 | _a9505734654 | ||
| 040 |
_aPE-LiUPU _bspa _cPE-LiUPU _erda |
||
| 082 | 0 | 4 |
_a268 _bB41 _221 |
| 082 | 0 | 4 |
_a268 _bB41 1994 |
| 100 | 1 |
_aBetz, Charles H., _eautor. |
|
| 245 | 1 | 0 |
_aTécnicas de enseñanza para la escuela sabática de adultos / _cCharles H. Betz. |
| 264 | 1 |
_aBuenos Aires : _bAsociación Casa Editora Sudamericana, _c1994. |
|
| 300 |
_a175 páginas ; _c20 centímetros. |
||
| 336 |
_atext _2rdacontent |
||
| 337 |
_aunmediated _2rdamedia |
||
| 338 |
_avolume _2rdacarrier |
||
| 504 | _aBibliografía al final de cada capítulo. | ||
| 505 | 0 | _aCómo aprende el adulto -- Planificación y preparación para el aprendizaje -- Preparación de objetivos que enseñan -- Transformación de los alumnos por medio del poder de la solicitud -- Vayamos a la palabra.- Niveles de aprendizaje -- Participación del alumno -- Descubrimiento por medio de la discusión -- Disertación y ayudas visuales -- Relatos e ilustraciones -- Transferir la verdad a la vida. | |
| 526 | _aSEG42 | ||
| 526 | _aSEG41 | ||
| 526 | _aSEG40 | ||
| 526 | _aSEG39 | ||
| 526 | _aP94 | ||
| 526 | _aP87 | ||
| 526 | _aP86 | ||
| 526 | _aP85 | ||
| 526 | _aP77 | ||
| 526 | _aP76 | ||
| 526 | _aP35 | ||
| 650 | 0 | 4 | _aEducación religiosa. |
| 910 | _ajck | ||
| 942 |
_2ddc _cBK |
||
| 949 |
_a268 B41 _wDEWEY _c1 _i268 _mBUL _r0 _sY _tBOOK _u2015-4-23 _xBIBLIOTECA _zUNKNOWN _0COMPRA _o.STAFF. Colección General |
||
| 949 |
_a268 B41 _wDEWEY _c2 _i41561 _lCCODEBUL1 _mBUL _r0 _sY _tBOOK _u2015-6-16 _xTEOLOGIA _zUNKNOWN _0COMPRA _o.STAFF. Colección General |
||
| 949 |
_a268 B41 _wDEWEY _c3 _i56884 _d2017-1-4 _e2017-1-4 _kCHECKEDOUT _lCCODEBUL1 _mBUL _n5 _rM _sY _tBOOK _u2015-6-16 _xTEOLOGIA _zUNKNOWN _0COMPRA _o.STAFF. Colección General |
||
| 949 |
_a268 B41 1994 _wDEWEY _c1 _iFT01905 _lCCODEBUT1 _mBUT _r0 _sY _tBOOK _u2018-06-05 _xBIBLIOTECA _zUNKNOWN _0DONACION _o.STAFF. Colección General TARAPOTO |
||
| 949 |
_a268 B41 1994 _wDEWEY _c1 _iFJ12770 _lCCODEBUJ1 _mBUJ _p10.00 _r0 _sY _tBOOK _u2019-03-13 _xEDUCACIÓN _0COMPRA _o.STAFF. Colección General Juliaca |
||
| 980 |
_81 _gALBERTO SANCHEZ Responsable de Automatización |
||
| 999 |
_c59229 _d59229 |
||